000 01104cam a2200349 a 4500
001 15251583
003 OSt
005 20260408061946.0
008 080408s2007 ke a b 000 0 eng
010 _a 2008349323
020 _z9966447135
035 _a15251583
040 _aDLC
_cDLC
042 _alcode
043 _af------
050 0 0 _aHD57.7
_b.O28 2007
100 1 _aOchola, Samuel Agonda,
_d1941-
245 1 0 _aLeadership and economic crisis in Africa /
_cby Samuel Agonda-Ochola.
260 _aNairobi :
_bKenya Literature Bureau,
_c2007.
300 _axv, 448 p. :
_bill. ;
_c21 cm.
336 _atext
_btxt
_2rdacontent
337 _aunmediated
_bn
_2rdamedia
338 _avolume
_bnc
_2rdacarrier
504 _aIncludes bibliographical references.
650 0 _aLeadership
_zAfrica.
650 0 _aFinancial crises
_zAfrica.
651 0 _aAfrica
_xEconomic policy.
906 _a7
_bcbc
_corigode
_d3
_encip
_f20
_gy-gencatlg
942 _2lcc
_cBK
_n0
999 _c23674
_d23673